000 00764nam a2200313Ia 4500
008 181129s9999 xx 000 0 und d
020 _a 9780786852574
050 _bL566 2004 bk1
100 _aLenhard, Elizabeth
245 4 _aThe power of fire /
245 0 _cadapted by Elizabeth Lenhard.
260 _aNew York, NY :
260 _bHyperion,
260 _c2004
300 _a144 pages :
300 _bsome colored illustrations ;
300 _c19cm.
440 _aWitch,
440 _v1
650 _aFriendship --
650 _aGraphic novels.
650 _aMagic --
650 _aWitches --
650 _xComic books, strips, etc.
650 _xTeenage girls.
650 _xTeenagers.
700 _aSeries.
700 _aTitle.
999 _c359505
_d359505